国土地理院20万分1地勢図の図名 - Statistics

General Stats
  • This quiz has been taken 485 times
  • The average score is 52 of 130
Answers on the Map
Answers color-coded by a green-red scale on the quiz's map according to % correct below.
 
Answer Stats
図名 % Correct
札幌さっぽろ
80%
稚内わっかない
79%
函館はこだて
79%
東京とうきょう
79%
千葉ちば
78%
青森あおもり
76%
男鹿おが
76%
新潟にいがた
75%
根室ねむろ
74%
仙台せんだい
74%
釧路くしろ
73%
秋田あきた
73%
金沢かなざわ
73%
名古屋なごや
73%
旭川あさひかわ
71%
盛岡もりおか
71%
静岡しずおか
71%
広島ひろしま
71%
福岡ふくおか
70%
福島ふくしま
69%
水戸みと
69%
長野ながの
69%
八戸はちのへ
68%
富山とやま
68%
高知こうち
68%
鹿児島かごしま
68%
帯広おびひろ
67%
和歌山わかやま
67%
徳島とくしま
66%
山口やまぐち
66%
大分おおいた
66%
宮崎みやざき
66%
鳥取とっとり
65%
松江まつえ
64%
長崎ながさき
64%
北見きたみ
63%
苫小牧とまこまい
63%
松山まつやま
63%
熊本くまもと
63%
宇都宮うつのみや
62%
岐阜ぎふ
62%
伊勢いせ
61%
那覇なは
61%
網走あばしり
60%
甲府こうふ
60%
豊橋とよはし
59%
石巻いしのまき
58%
輪島わじま
56%
室蘭むろらん
55%
長岡ながおか
55%
酒田さかた
54%
留萌るもい
53%
弘前ひろさき
53%
高山たかやま
51%
村上むらかみ
50%
姫路ひめじ
50%
屋久島やくしま
50%
延岡のべおか
49%
名寄なよろ
48%
一関いちのせき
48%
八代やつしろ
47%
紋別もんべつ
46%
中津なかつ
44%
奄美大島あまみおおしま
42%
七尾ななお
41%
田辺たなべ
41%
宮古島みやこじま
41%
浜田はまだ
40%
石垣島いしがきじま
40%
標津しべつ
39%
天塩てしお
37%
斜里しゃり
37%
飯田いいだ
37%
新庄しんじょう
36%
横須賀よこすか
36%
宇和島うわじま
36%
八丈島はちじょうじま
35%
小笠原諸島おがさわらしょとう
33%
枝幸えさし
32%
広尾ひろお
28%
浦河うらかわ
28%
羽幌はぼろ
27%
白河しらかわ
27%
蘂取しべとろ
25%
深浦ふかうら
25%
福江ふくえ
25%
紗那しゃな
24%
三宅島みやけじま
23%
徳之島とくのしま
23%
野辺地のへじ
22%
日光にっこう
22%
色丹島しこたんとう
21%
御前崎おまえざき
20%
宮津みやづ
20%
唐津からつ
19%
御蔵島みくらじま
17%
相川あいかわ
15%
高田たかだ
15%
久米島くめじま
15%
見島みしま
12%
岩内いわない
11%
高梁たかはし
9%
厳原いづはら
9%
知床岬しれとこみさき
7%
西郷さいごう
6%
大多喜おおたき
6%
渡島大島おしまおおしま
5%
伊良湖岬いらごみさき
5%
大社たいしゃ
5%
京都及大阪きょうとおよびおおさか
4%
窪川くぼかわ
4%
宝島たからじま
4%
尻屋崎しりやざき
3%
甑島こしきしま
3%
与論島よろんじま
3%
夕張岳ゆうばりだけ
2%
剣山つるぎさん
2%
岡山及丸亀おかやまおよびまるがめ
2%
小串こぐし
2%
中之島なかのしま
2%
別飛べっとぶ
1%
得茂別湖うるもんべつこ
1%
安渡移矢岬あといやみさき
1%
久遠くどう
1%
木本きのもと
1%
野母崎のもざき
1%
富江とみえ
1%
開聞岳かいもんだけ
1%
黒島くろしま
1%
魚釣島うおつりしま
1%
No matching quizzes found
Score Distribution
Percent of People with Each Score
Percentile by Number Answered
Your Score History
You have not taken this quiz